Turkish Wikipedia Country Popularity Quiz Stats

 Plays Quiz not verified by Sporcle

Score 0/30 Timer 05:00
0 Plays Today
Ranking Countries % Correct
35United States
97.6%
354=United Kingdom
93.9%
49Germany
90.7%
128Russia
90.3%
96France
90.2%
8Turkey
90%
155Greece
88.6%
86China
87.3%
90Iran
87%
236Canada
86.2%
161Italy
84%
141Spain
83.6%
101Japan
82%
140Australia
81.2%
223Brazil
79.7%
Ranking Countries % Correct
183India
77%
41Israel
76.6%
115Egypt
75.7%
287Armenia
70.5%
69Azerbaijan
68.9%
377Saudi Arabia
68.9%
187Bulgaria
68.3%
402Sweden
67.5%
208Netherlands
63.1%
285Norway
57.8%
303Switzerland
55.8%
354Macedonia
55.8%
275Turkmenistan
47.8%
189Kazakhstan
46.8%
265Uzbekistan
43.1%

You're not logged in!

Compare scores with friends on all Sporcle quizzes.
OR
Log In

Show Comments

Extras

Top Quizzes Today


Score Distribution

Your Account Isn't Verified!

In order to create a playlist on Sporcle, you need to verify the email address you used during registration. Go to your Sporcle Settings to finish the process.

Report this User

Report this user for behavior that violates our Community Guidelines.

Details: